[Event "FRA-ch U18"]
[Site "Le Grand Bornand"]
[Date "2007.04.14"]
[Round "8"]
[White "Favarel, Antoine"]
[Black "Vialatte, Jean Charles"]
[Result "1-0"]
[WhiteElo "2046"]
[BlackElo "2136"]
[PlyCount "97"]
[EventDate "2007.04.07"]
[EventType "swiss"]
[EventRounds "9"]
[EventCountry "FRA"]
[SourceTitle "CBM 118 Extra"]
[Source "ChessBase"]
[SourceDate "2007.07.04"]
[SourceVersion "1"]
[SourceVersionDate "2007.07.04"]
[SourceQuality "1"]

1. d4 e6 2. Nf3 d5 3. Bf4 c6 4. e3 f5 5. c4 Nf6 6. Bd3 Be7 7. Nc3 0-0 8. Ne5 Qe8 9. 0-0 Nh5 10. cxd5 exd5 11. Be2 Nxf4 12. exf4 Bd6 13. Rb1 a5 14. Na4 Qd8 15. Rc1 Rf6 16. Qb3 Bc7 17. Bf3 Na6 18. a3 Rh6 19. g3 Bxe5 20. dxe5 b5 21. Nc5 Nc7 22. Qd3 Qf8 23. b4 Kh8 24. Qd4 Ne6 25. Nxe6 Rxe6 26. Rc5 Qe8 27. Rfc1 Bd7 28. Bg2 Rh6 29. h4 Re6 30. a4 bxa4 31. bxa5 a3 32. Qa4 h6 33. Bh3 Re7 34. Qxa3 g5 35. e6 Bxe6 36. fxg5 hxg5 37. hxg5 Bd7 38. Qf3 Qg6 39. Qf4 Rae8 40. a6 Rh7 41. Bg2 Rh5 42. a7 Rxg5 43. Qb8 Qg8 44. Qd6 Rg7 45. Ra5 Ra8 46. Rb1 Qh7 47. Rb8+ Rg8 48. Rxg8+ Kxg8 49. Qb8+ 1-0

[Event "Paris-ch"]
[Site "Paris"]
[Date "2006.07.12"]
[Round "8"]
[White "Kukov, Velislav"]
[Black "Vialatte, Jean Charles"]
[Result "1-0"]
[WhiteElo "2258"]
[BlackElo "2091"]
[PlyCount "81"]
[EventDate "2006.07.08"]
[EventType "swiss"]
[EventRounds "9"]
[EventCountry "FRA"]
[SourceTitle "EXT 2007"]
[Source "ChessBase"]
[SourceDate "2006.11.23"]
[SourceVersion "1"]
[SourceVersionDate "2006.11.23"]
[SourceQuality "1"]

1. d4 e6 2. Nf3 d5 3. c4 c6 4. cxd5 exd5 5. Qc2 f5 6. Nc3 Nf6 7. Bg5 Be7 8. e3 0-0 9. Bd3 Ne4 10. Bxe7 Qxe7 11. 0-0 Nd7 12. Rae1 Qf6 13. Nd2 b6 14. f3 Ng5 15. f4 Ne4 16. Nf3 Bb7 17. Ne5 Nxe5 18. fxe5 Qe6 19. g4 g6 20. gxf5 gxf5 21. Ne2 Kh8 22. Nf4 Rg8+ 23. Kh1 Qh6 24. Bxe4 fxe4 25. Rg1 Rxg1+ 26. Rxg1 Rg8 27. Rxg8+ Kxg8 28. Qg2+ Qg7 29. b4 Qxg2+ 30. Kxg2 Bc8 31. Kg3 Kf7 32. Kh4 Bf5 33. Kg5 Bg6 34. a3 a6 35. h4 Ke7 36. h5 Be8 37. Kh6 Bd7 38. Kxh7 Bf5+ 39. Kg7 a5 40. h6 c5 41. dxc5 1-0

[Event "Paris-ch"]
[Site "Paris"]
[Date "2006.07.12"]
[Round "9"]
[White "Vialatte, Jean Charles"]
[Black "Sohier, Julien"]
[Result "0-1"]
[WhiteElo "2091"]
[BlackElo "2203"]
[PlyCount "132"]
[EventDate "2006.07.08"]
[EventType "swiss"]
[EventRounds "9"]
[EventCountry "FRA"]
[SourceTitle "EXT 2007"]
[Source "ChessBase"]
[SourceDate "2006.11.23"]
[SourceVersion "1"]
[SourceVersionDate "2006.11.23"]
[SourceQuality "1"]

1. d4 d5 2. c4 dxc4 3. Nf3 Nf6 4. Nc3 a6 5. a4 Nc6 6. e3 Na5 7. Ne5 Be6 8. g4 g6 9. Bg2 Bg7 10. 0-0 0-0 11. f4 Nd5 12. f5 Nxc3 13. bxc3 Bc8 14. Qe2 c5 15. Nxc4 cxd4 16. Nxa5 d3 17. Qd2 Qxa5 18. Qxd3 Bxc3 19. Rb1 Bf6 20. fxg6 fxg6 21. Qd5+ Qxd5 22. Bxd5+ Kg7 23. Bxb7 Rb8 24. g5 Bxg5 25. Bb2+ Bf6 26. Bxf6+ Rxf6 27. Bxc8 Rxf1+ 28. Rxf1 Rxc8 29. Rf4 a5 30. Rd4 Rc3 31. Rd5 Rxe3 32. Rxa5 Re2 33. Ra8 h5 34. a5 h4 35. a6 h3 36. a7 Ra2 37. Rb8 Rxa7 38. Rb3 e5 39. Rxh3 Ra1+ 40. Kf2 Ra2+ 41. Kg1 g5 42. Rb3 Kf6 43. Rf3+ Ke6 44. h3 e4 45. Rb3 Ke5 46. Rg3 Kf4 47. Rg4+ Kf5 48. Rg3 Rd2 49. Ra3 Kf4 50. Ra5 e3 51. Kf1 Rh2 52. Ra8 Rxh3 53. Rf8+ Kg3 54. Rg8 g4 55. Ke2 Rh7 56. Re8 Kg2 57. Kxe3 g3 58. Rg8 Kh2 59. Kf3 Rf7+ 60. Ke2 g2 61. Rh8+ Kg1 62. Rh6 Re7+ 63. Kd2 Re5 64. Kd3 Kf2 65. Kd4 Re1 66. Rf6+ Ke2 0-1

[Event "Champigny sur Marne op 6th"]
[Site "Champigny sur Marne"]
[Date "2006.02.18"]
[Round "4"]
[White "Gualdaroni, Richard"]
[Black "Vialatte, Jean Charles"]
[Result "0-1"]
[WhiteElo "1620"]
[BlackElo "2057"]
[PlyCount "60"]
[EventDate "2006.02.16"]
[EventType "swiss"]
[EventRounds "6"]
[EventCountry "FRA"]
[SourceTitle "EXT 2007"]
[Source "ChessBase"]
[SourceDate "2006.11.23"]
[SourceVersion "1"]
[SourceVersionDate "2006.11.23"]
[SourceQuality "1"]

1. e4 e6 2. d4 d5 3. e5 c5 4. c3 Nc6 5. Nf3 Bd7 6. Be2 f6 7. 0-0 Qc7 8. Bf4 Nge7 9. Qd2 Ng6 10. Bg3 fxe5 11. Nxe5 Ngxe5 12. dxe5 Nxe5 13. Na3 Bd6 14. Rfe1 a6 15. Rac1 0-0 16. Bd1 Ng6 17. Bf3 Bxg3 18. hxg3 Rf6 19. Re3 Kh8 20. Rce1 Rd8 21. Bh5 Bc8 22. Qe2 Qf7 23. Bg4 Rf8 24. Bf3 e5 25. Bh5 Rxf2 26. Bxg6 hxg6 27. Qd1 Rxg2+ 28. Kxg2 Qf2+ 29. Kh1 Bh3 30. Qf3 Rxf3 0-1

[Event "Champigny sur Marne op 6th"]
[Site "Champigny sur Marne"]
[Date "2006.02.18"]
[Round "3"]
[White "Vialatte, Jean Charles"]
[Black "Ton, Stephane"]
[Result "1-0"]
[WhiteElo "2057"]
[BlackElo "1810"]
[PlyCount "63"]
[EventDate "2006.02.16"]
[EventType "swiss"]
[EventRounds "6"]
[EventCountry "FRA"]
[SourceTitle "EXT 2007"]
[Source "ChessBase"]
[SourceDate "2006.11.23"]
[SourceVersion "1"]
[SourceVersionDate "2006.11.23"]
[SourceQuality "1"]

1. d4 d5 2. c4 c6 3. Nc3 Nf6 4. Nf3 e6 5. e3 Nbd7 6. Bd3 dxc4 7. Bxc4 b5 8. Bd3 a6 9. 0-0 c5 10. a4 c4 11. Bb1 b4 12. Ne4 a5 13. Bd2 Bb7 14. Nxf6+ Nxf6 15. Ba2 Ba6 16. Re1 Rc8 17. e4 c3 18. bxc3 bxc3 19. Bg5 h6 20. Bxf6 gxf6 21. Qc2 Bb4 22. d5 e5 23. Nh4 Qd7 24. Nf5 Rg8 25. d6 Rg6 26. Re3 Rd8 27. Rh3 Bxd6 28. Rd1 Qc7 29. Rxc3 Qb8 30. Nxd6+ Rxd6 31. Bxf7+ Kxf7 32. Rc7+ 1-0